| 000 | 00000nam##2200000za#4500 |
| 001 | 9.578814 |
| 003 | CaOODSP |
| 005 | 20210624190250 |
| 007 | cr ||||||||||| |
| 008 | 150406|2009||||xxc|||||o f|0| 0 eng|d |
| 040 | |aCaOODSP|beng |
| 043 | |an-cn--- |
| 086 | 1 |aFs3-6/2009-04E-PDF |
| 110 | 1 |aCanada. |bDepartment of Fisheries and Oceans. |
| 245 | 10|aGulf of Maine-Georges Bank herring stock complex |h[electronic resource] |
| 250 | |aRevised |
| 260 | |aOttawa - Ontario : |bFisheries and Oceans Canada |cJuly 2009. |
| 300 | |a6p.|bcoloured map, graphs, references, tables |
| 490 | 1 |aTransboundary Resource Assessment Committee status report |v2009/04 |
| 590 | |a14-12-Supp|b2014-05-30 |
| 775 | 08|tComplexe du stocks de hareng du golfe du Maine et du banc Georges |w(CaOODSP)9.606589 |
| 830 | #0|aTransboundary Resource Assessment Committee status report ;|v2009/04|w(CaOODSP)9.507743 |
| 856 | 40|ahttp://publications.gc.ca|qPDF|s95 KB|uhttps://publications.gc.ca/collections/collection_2014/mpo-dfo/Fs3-6-2009-04-eng.pdf|y2009/04 |